Propiedad social y autogestion / (Record no. 110301)

MARC details
000 -LEADER
campo de control de longitud fija 00797cam a2200265La 4500
001 - NÚMERO DE CONTROL
campo de control 41033
005 - FECHA Y HORA DE LA ÚLTIMA TRANSACCIÓN
campo de control 20230411085955.0
008 - DATOS DE LONGITUD FIJA--INFORMACIÓN GENERAL
campo de control de longitud fija 840425s1976 ag 000 0 spa d
035 ## - NÚMERO DE CONTROL DEL SISTEMA
Número de control de sistema (OCoLC)ocm15386819
040 ## - FUENTE DE CATALOGACIÓN
Centro catalogador/agencia de origen NJR
Centro/agencia transcriptor NJR
Centro/agencia modificador OCLCQ
035 ## - NÚMERO DE CONTROL DEL SISTEMA
Número de control de sistema (OCoLC)15386819
041 1# - CÓDIGO DE IDIOMA
Código de lengua del texto/banda sonora o título independiente scr
Código de lengua original spa
043 ## - CÓDIGO DE ÁREA GEOGRÁFICA
Código de área geográfica e-yu---
049 ## - FONDOS LOCALES (OCLC)
Biblioteca depositaria GRAL
100 1# - ENTRADA PRINCIPAL--NOMBRE DE PERSONA
Nombre de persona Kardelj, Edvard,
Fechas asociadas al nombre 1910-
240 10 - TÍTULO UNIFORME
Título uniforme Protivreécnosti druéstvene svojine u savremenoj socijalistiéckoj praksi.
Lenguaje de la obra Spanish
245 10 - MENCIÓN DEL TÍTULO
Título Propiedad social y autogestion /
Mención de responsabilidad, etc. Edvard Kardelj.
260 ## - PUBLICACIÓN, DISTRIBUCIÓN, ETC.
Lugar de publicación, distribución, etc. Buenos Aires :
Nombre del editor, distribuidor, etc. El Cid Editor,
Fecha de publicación, distribución, etc. 1976.
300 ## - DESCRIPCIÓN FÍSICA
Extensión 150 p. ;
Dimensiones 20 cm.
490 0# - MENCIÓN DE SERIE
Mención de serie Coleccion Autogestion ;
Designación de volumen o secuencia 4
650 #0 - PUNTO DE ACCESO ADICIONAL DE MATERIA--TÉRMINO DE MATERIA
Término de materia o nombre geográfico como elemento de entrada Socialist property
Subdivisión geográfica Yugoslavia.
650 #0 - PUNTO DE ACCESO ADICIONAL DE MATERIA--TÉRMINO DE MATERIA
Término de materia o nombre geográfico como elemento de entrada Income
Subdivisión geográfica Yugoslavia.
942 ## - ELEMENTOS DE ENTRADA SECUNDARIOS (KOHA)
Fuente del sistema de clasificación o colocación Clasificación de Library of Congress
Tipo de ítem Koha
994 ## -
-- C0
-- DRFGD
Holdings
Estatus retirado Estado de pérdida Fuente del sistema de clasificación o colocación Estado de daño No para préstamo Colección Biblioteca de origen Biblioteca actual Ubicación en estantería Fecha de adquisición Código de barras Visto por última vez Copia número Tipo de ítem Koha
    Clasificación de Library of Congress     Automatización y Procesos Técnicos Biblioteca Juan Bosch Biblioteca Juan Bosch Automatización y Procesos Técnicos (1er. Piso) 11/04/2023 00000042155 17/02/2019 1